<?xml version="1.0" encoding="UTF-8"?>
<record
    xmlns:xsi="http://www.w3.org/2001/XMLSchema-instance"
    xsi:schemaLocation="http://www.loc.gov/MARC21/slim http://www.loc.gov/standards/marcxml/schema/MARC21slim.xsd"
    xmlns="http://www.loc.gov/MARC21/slim">

  <leader>01404    a2200205   4500</leader>
  <controlfield tag="001">25226</controlfield>
  <controlfield tag="005">20260407155536.0</controlfield>
  <controlfield tag="008">260407a1975    arg                 spa d</controlfield>
  <controlfield tag="003">AR-UNSa-BCEJYS</controlfield>
  <datafield tag="040" ind1=" " ind2=" ">
    <subfield code="a">AR-UNSa-BCEJYS</subfield>
    <subfield code="b">spa</subfield>
    <subfield code="c">AR-UNSa-BCEJYS</subfield>
  </datafield>
  <datafield tag="080" ind1=" " ind2=" ">
    <subfield code="a">347.249</subfield>
    <subfield code="x">Derecho relativo a las minas. Propiedad minera. Derechos mineros</subfield>
  </datafield>
  <datafield tag="245" ind1="1" ind2="0">
    <subfield code="a">Curso de derecho minero</subfield>
  </datafield>
  <datafield tag="250" ind1=" " ind2=" ">
    <subfield code="a">4a. ed</subfield>
  </datafield>
  <datafield tag="264" ind1=" " ind2="1">
    <subfield code="a">Buenos Aires :</subfield>
    <subfield code="b">V&#xED;ctor P. de Zaval&#xED;a</subfield>
    <subfield code="c">1975</subfield>
  </datafield>
  <datafield tag="300" ind1=" " ind2=" ">
    <subfield code="a">527 p.</subfield>
    <subfield code="c">23 cm.</subfield>
  </datafield>
  <datafield tag="505" ind1=" " ind2=" ">
    <subfield code="a">1. Introducci&#xF3;n - 2. Naturaleza jur&#xED;dica de la propiedad minera - 3. De los derechos explorativos - 4. Adquisici&#xF3;n de las minas(I) - 5. Adquisici&#xF3;n de las minas(II) - 6. Adquisici&#xF3;n de las minas(III) - 7. De las pertenencias - 8. Efectos jur&#xED;dicos de la consei&#xF3;n - 9. Explotaci&#xF3;n.Derecho de ocupaci&#xF3;n del suelo - 10. Del amparo de las minas - 11. Responsabilidad - 12. Disposiciones especiales y aplicables a la sustacia de segunda y tercera categorias - 13. Autoridad minera.Condiciones de la explotaci&#xF3;n - 14. Contratos mineros y modificaciones al derecho com&#xFA;n en materia de minas - 15. Legislaci&#xF3;n del petroleo(I) - 16. Legilaci&#xF3;n del petroleo(II) - 17. Legislaci&#xF3;n del petroleo(III) - 18. R&#xE9;gimen legal de los elementos y minerales nucleares - 19. Las empresas mineras del estado.</subfield>
  </datafield>
  <datafield tag="942" ind1=" " ind2=" ">
    <subfield code="c">BK</subfield>
  </datafield>
  <datafield tag="590" ind1=" " ind2=" ">
    <subfield code="a">niveau_biblio:m niveau_hierar:0</subfield>
  </datafield>
  <datafield tag="100" ind1="1" ind2=" ">
    <subfield code="a">Catalano, Edmundo Fernando</subfield>
  </datafield>
  <datafield tag="999" ind1=" " ind2=" ">
    <subfield code="c">1333</subfield>
    <subfield code="d">1333</subfield>
  </datafield>
  <datafield tag="952" ind1=" " ind2=" ">
    <subfield code="0">0</subfield>
    <subfield code="1">0</subfield>
    <subfield code="4">0</subfield>
    <subfield code="7">0</subfield>
    <subfield code="a">BCEJYS</subfield>
    <subfield code="b">BCEJYS</subfield>
    <subfield code="c">16</subfield>
    <subfield code="d">2026-04-07</subfield>
    <subfield code="l">0</subfield>
    <subfield code="o">347.249 C357 4ed.</subfield>
    <subfield code="p">L53450</subfield>
    <subfield code="r">2026-04-07 15:55:36</subfield>
    <subfield code="w">2026-04-07</subfield>
    <subfield code="y">L</subfield>
  </datafield>
</record>
